Интегральные представления функций и теоремы вложения

Detalles Bibliográficos
Autor Principal: Бесов О. В. Олег Владимирович
Outros autores: Ильин В. П. Валентин Петрович, Никольский С. М. Сергей Михайлович
Idioma:ruso
Publicado: Москва, Наука, 1996
Edición:2-е изд., перераб. и доп.
Subjects:
Formato: MixedMaterials Libro
KOHA link:https://koha.lib.tpu.ru/cgi-bin/koha/opac-detail.pl?biblionumber=2705

MARC

LEADER 00000nam0a2200000 4500
001 2705
005 20231030174052.0
010 |a 5020145327 
035 |a (RuTPU)RU\TPU\book\2718 
035 |a BOOK00002725 
090 |a 2705 
100 |a 20011209d1996 k y0rusy50 ca 
101 0 |a rus 
102 |a RU 
105 |a y z 000zy 
200 1 |a Интегральные представления функций и теоремы вложения  |f О. В. Бесов, В. П. Ильин, С. М. Никольский 
205 |a 2-е изд., перераб. и доп. 
210 |a Москва  |c Наука  |c Физматлит  |d 1996 
215 |a 480 с. 
610 1 |a математика 
610 1 |a функции 
610 1 |a теоремы вложения 
675 |a 517.5  |v 3 
700 1 |a Бесов  |b О. В.  |g Олег Владимирович 
701 1 |a Ильин  |b В. П.  |g Валентин Петрович 
701 1 |a Никольский  |b С. М.  |g Сергей Михайлович 
801 0 |a RU  |b 63413507  |c 20011209  |g PSBO 
801 2 |a RU  |b 63413507  |c 20201214  |g PSBO 
942 |c BK